<?xml version="1.0" encoding="UTF-8"?>
<collection xmlns="http://www.loc.gov/MARC21/slim">
 <record>
  <leader>05688nam a2200313 a 4500</leader>
  <controlfield tag="001">kal5095</controlfield>
  <controlfield tag="003">Gr-AtHEAL</controlfield>
  <controlfield tag="005">20160422115457.0</controlfield>
  <controlfield tag="006">m        d        </controlfield>
  <controlfield tag="008">160413s2015    gr      s           gre|c</controlfield>
  <datafield tag="020" ind1=" " ind2=" ">
   <subfield code="a">9789606033339</subfield>
  </datafield>
  <datafield tag="040" ind1=" " ind2=" ">
   <subfield code="a">GR-AtHEAL</subfield>
   <subfield code="b">gre</subfield>
   <subfield code="c">GR-AtHEAL</subfield>
  </datafield>
  <datafield tag="082" ind1="0" ind2="4">
   <subfield code="a">615.1</subfield>
   <subfield code="2">23</subfield>
  </datafield>
  <datafield tag="100" ind1="1" ind2=" ">
   <subfield code="a">Σκαλτσά, Ελένη.</subfield>
   <subfield code="8">852</subfield>
  </datafield>
  <datafield tag="245" ind1="1" ind2="0">
   <subfield code="a">Ιστορία της φαρμακευτικής</subfield>
   <subfield code="h">[Ηλεκτρονικός πόρος] </subfield>
   <subfield code="b">Η διαδρομή στην εξέλιξη των φαρμάκων από την προϊστορική περίοδο μέχρι σήμερα με έμφαση στην κλασσική, ελληνιστική και βυζαντινή περίοδο και η επίδρασή τους στους μεταγενέστερους χρόνους.</subfield>
   <subfield code="c">Σκαλτσά, Ελένη ; Κριτικός αναγνώστης,Μαρσέλος, Μάριος ; Γραφιστική επιμέλεια,Καμενίδης, Θανάσης.</subfield>
  </datafield>
  <datafield tag="260" ind1=" " ind2=" ">
   <subfield code="a">Αθήνα :</subfield>
   <subfield code="b">Σύνδεσμος Ελληνικών Ακαδημαϊκών Βιβλιοθηκών,</subfield>
   <subfield code="c">c2015.</subfield>
  </datafield>
  <datafield tag="490" ind1=" " ind2=" ">
   <subfield code="a">Ακαδημαϊκά Ηλεκτρονικά Συγγράμματα και Βοηθήματα Κάλλιπος</subfield>
   <subfield code="8">40</subfield>
  </datafield>
  <datafield tag="520" ind1=" " ind2=" ">
   <subfield code="a">Στο σύγγραμμα περιγράφεται η εξελικτική πορεία των φαρμάκων από αρχαιοτάτων χρόνων έως σήμερα. Ο άξονας επί του οποίου σταδιακά διαμορφώνεται η Ιστορία της Φαρμακευτικής ακολουθεί τις εξής περίοδους:1.Θρησκευτική περίοδος: α) Φαρμ/κή πρωτογόνων β) Αρχαίων ανατολικών λαών2.Φιλοσοφική περίοδος: α) Τα φάρμακα στην αρχαία Ελλάδα, β) η διάδοση και η εξέλιξή τους στην Ρωμαϊκή εποχή γ) στο Βυζάντιο3.Πειραματική περίοδος: α) Φαρμ/κή Αράβων β) Αλχημιστές γ) Ιατροχημικοί δ) φάρμακα που εισήχθησαν στην Ευρώπη από τους Θαλασσοπόρους ε) η νοσοκομειακή Φαρμ/κή από την εποχή των Αράβων μέχρι και τον 18ο αιώνα4.Επιστημονική περίοδος (19ος αιώνας -σήμερα): Αναφέρεται η απομόνωση φαρμακευτικών ουσιών από φυτά, η ανάπτυξη της συνθετικής Φαρμακευτικής Χημείας (πχ. συνθετικά αναλγητικά, αντιισταμινικά, χρωστικές κλπ), η βιομηχανική παραγωγή φαρμάκων. Επίσης περιγράφεται η ανακάλυψη των αντιβιοτικών, αντικαρκινικών (φυσικών, ημισυνθετικών, συνθετικών), ορμονών, ενζύμων, βιταμινών. Αναφέρονται οι φαρμακευτικές πρωτεϊνες και τα μονοκλωνικά αντισώματα, τα οποία εισήχθηκαν ευρέως στην θεραπευτική τις τελευταίες δύο δεκαετίες. Επίσης περιγράφονται συνοπτικά τα σημαντικά επιτεύγματα και συναφών επιστημών, όπως Βιολογίας, Χημείας κ.ά., τα οποία επηρέασαν την εξέλιξη της Φαρμακευτικής επιστήμης Ακόμη στο σύγγραμμα αναφέρονται οι επίσημες και ανεπίσημες Φαρμακοποιίες του Ελληνικού Κράτους και επισημαίνονται οι αλλαγές σε κάθε έκδοση με βάση την εξέλιξη της Φαρμακευτικής επιστήμης. Γίνεται εκτενής αναφορά των φυτικών φαρμάκων, των οποίων έχει καταρτιστεί η μονογραφία στην Ευρωπαϊκή Φαρμακοποία με βάση την παραδοσιακή χρήση τους. Σύγκριση με τα ιστορικά &amp; εθνοφαρμακολογικά δεδομένα για τα φυτά αυτά. Γίνεται αναφορά στην ίδρυση των Φαρμακευτικών Σχολών και ιδιαιτέρως του ΕΚΠΑ, που ήταν η πρώτη που ιδρύθηκε και στις αλλαγές του προγράμματος σπουδών Τέλος αναφέρεται η ίδρυση των πρώτων φαρμακείων στην Ελλάδα (18ος αιώνας-νήσοι Ιονίου, 19ος, Βαλκανικοί πόλεμοι- ηπειρωτική Ελλάδα, νήσοι Αιγαίου)</subfield>
  </datafield>
  <datafield tag="650" ind1=" " ind2="0">
   <subfield code="a">Pharmacy</subfield>
   <subfield code="x">History</subfield>
   <subfield code="8">2295</subfield>
  </datafield>
  <datafield tag="653" ind1=" " ind2=" ">
   <subfield code="a">Ιστορία της επιστήμης</subfield>
  </datafield>
  <datafield tag="653" ind1=" " ind2=" ">
   <subfield code="a">Φάρμακα</subfield>
  </datafield>
  <datafield tag="653" ind1=" " ind2=" ">
   <subfield code="a">Ιστορία</subfield>
   <subfield code="a">Ειδικές ιστορίες</subfield>
  </datafield>
  <datafield tag="653" ind1=" " ind2=" ">
   <subfield code="a">Επιστήμες υγείας</subfield>
   <subfield code="a">Φαρμακευτική</subfield>
  </datafield>
  <datafield tag="700" ind1="1" ind2=" ">
   <subfield code="a">Μαρσέλος, Μάριος</subfield>
   <subfield code="e">Κριτικός αναγνώστης</subfield>
   <subfield code="8">853</subfield>
  </datafield>
  <datafield tag="856" ind1="4" ind2="0">
   <subfield code="u">http://hdl.handle.net/11419/5095</subfield>
   <subfield code="z">Πλήρες Κείμενο - Full text</subfield>
  </datafield>
  <datafield tag="907" ind1=" " ind2=" ">
   <subfield code="a">.b25680377</subfield>
   <subfield code="b">12-06-18</subfield>
   <subfield code="c">29-07-16</subfield>
  </datafield>
  <datafield tag="949" ind1=" " ind2=" ">
   <subfield code="0">0</subfield>
   <subfield code="1">0</subfield>
   <subfield code="2">ddc</subfield>
   <subfield code="4">0</subfield>
   <subfield code="6">615_100000000000000_ΣΚΑ</subfield>
   <subfield code="7">0</subfield>
   <subfield code="8">KALL</subfield>
   <subfield code="8">796</subfield>
   <subfield code="d">2016-04-13</subfield>
   <subfield code="r">2016-04-13</subfield>
   <subfield code="w">2016-04-13</subfield>
   <subfield code="z">615.1 ΣΚΑ</subfield>
   <subfield code="o">SEAB KALLIPOS</subfield>
  </datafield>
  <datafield tag="998" ind1=" " ind2=" ">
   <subfield code="a">80</subfield>
   <subfield code="a">01</subfield>
   <subfield code="a">02</subfield>
   <subfield code="a">03</subfield>
   <subfield code="a">04</subfield>
   <subfield code="a">05</subfield>
   <subfield code="a">06</subfield>
   <subfield code="a">07</subfield>
   <subfield code="a">08</subfield>
   <subfield code="a">09</subfield>
   <subfield code="a">10</subfield>
   <subfield code="a">11</subfield>
   <subfield code="a">12</subfield>
   <subfield code="a">13</subfield>
   <subfield code="a">14</subfield>
   <subfield code="a">15</subfield>
   <subfield code="a">16</subfield>
   <subfield code="a">17</subfield>
   <subfield code="a">18</subfield>
   <subfield code="a">19</subfield>
   <subfield code="a">20</subfield>
   <subfield code="a">21</subfield>
   <subfield code="a">22</subfield>
   <subfield code="a">23</subfield>
   <subfield code="a">24</subfield>
   <subfield code="a">25</subfield>
   <subfield code="a">26</subfield>
   <subfield code="b">16-05-17</subfield>
   <subfield code="c">m</subfield>
   <subfield code="d">z  </subfield>
   <subfield code="e">-</subfield>
   <subfield code="f">gre</subfield>
   <subfield code="g">gr </subfield>
   <subfield code="h">0</subfield>
  </datafield>
  <datafield tag="942" ind1=" " ind2=" ">
   <subfield code="2">ddc</subfield>
   <subfield code="c">KALLIPOS</subfield>
  </datafield>
 </record>
</collection>
